Name a Valid Country... #2 - Statistics

General Stats
  • This quiz has been taken 110 times
    108 since last reset
  • The average score is 13 of 15
Answer Stats
Hint Answer % Correct
in the arctic circle Canada | Denmark | Finland | Iceland | Norway | Russia | Sweden | United States
100%
that has been the birthplace of NFL players in the Pro Football Hall of Fame that isn't the US Canada | Germany | Guatemala | Honduras | Italy | Mexico | Norway
99%
who produced more than 2 million tonnes of mangoes in 2022 India | Indonesia | China | Pakistan | Mexico
99%
that borders Nigeria Benin | Cameroon | Chad | Niger
98%
whose fertility rate is above 5 births per woman Chad | Somalia | DR Congo | Central African Republic | Niger | Mali
97%
have a cardinal direction in their name East Timor | North Korea | North Macedonia | South Africa | South Korea | South Sudan
97%
with an average elevation over 3,000 meters Bhutan | Nepal | Tajikistan
91%
that is in Asia but has less than a million people Brunei | Maldives | Bhutan
88%
has Swahili has an official language Tanzania | Rwanda | Kenya | Uganda
84%
with less than 0.9 males for every female Djibouti | Latvia | Lithuania | Russia | Ukraine | Belarus | Estonia | Nauru | Antigua and Barbuda
78%
in Africa but never colonized by a European power Ethiopia | Liberia
75%
that has won more than 30 gold medals in Olympic fencing Italy | France | Hungary
74%
whose capital city starts with the letter Q Ecuador
66%
with 0% arable land Tuvalu | Nauru | Monaco | Vatican CIty
58%
that gets more than 3,000 mm of rain per year Colombia | São Tomé and Príncipe | Tuvalu | Papua New Guinea | Solomon Islands
51%
No matching quizzes found
Score Distribution
Percent of People with Each Score
Percentile by Number Answered
Your Score History
You have not taken this quiz since the last reset